01288nam a2200337Ia 4500001001200000003000800012006001900020007001500039008004100054010001500095020003000110020001800140040002100158035002100179050002700200082001600227100001800243245009400261260005000355300001900405490002300424504006600447533015200513650004300665650003600708655002900744700001700773710001700790856012600807999001700933ebr10661759CaPaEBRm u cr cn|||||||||100824s2011 nyua sb 001 0 eng d z2010034047 z9781617618734 (softcover) z9781611222609 aCaPaEBRcCaPaEBR a(OCoLC)70977788914aTK5105.415b.L8 2011eb04a004.6/52221 aLu, Xin Biao.10aSynchronization in complex networksh[electronic resource] /cXin Biao Lu and Bu Zhi Qin. aNew York :bNova Science Publisher's,cc2011. a137 p. :bill.0 aComputer networks. aIncludes bibliographical references (p. [123]-133) and index. aElectronic reproduction.bPalo Alto, Calif. :cebrary,d2013.nAvailable via World Wide Web.nAccess may be limited to ebrary affiliated libraries. 0aSynchronous data transmission systems. 0aComputer network architectures. 7aElectronic books.2local1 aQin, Bu Zhi.2 aebrary, Inc.40uhttp://site.ebrary.com/lib/rucke/Doc?id=10661759zAn electronic book accessible through the World Wide Web; click to view c65984d65984